00524nam a2200193 a 4500001001300000003000900013005001700022008004100039020002300080082001700103100002000120245004600140260004200186300000900228500003500237505001700272650002100289700002000310nice12345678IN_TiNIC20260116014630.0070313s2003 newa grp 000 0 eng  a8177552074 c49500a305.470bKOR aKorishetti, V B aFemale Educationb A Study of Rural India aNew Delhi bCosmo Publications c2003 a232p aincludes index and biblioraphy2 aBibliography aFemale Education1 aKorishetti, V B